Country Name Etymologies Click Quiz: F & G - Statistics

General Stats
  • This quiz has been taken 115 times
  • The average score is 9 of 15
Answer Stats
Hint Extra Hint Answer % Correct
Land of the Finns Swedish Finland
95%
Land of the Franks Latin France
92%
Named for the Gambian river Portuguese Gambia
90%
The people's land Old German Germany
85%
Small islands Greek Federated States of Micronesia
75%
Gift of honor Mycenean Greek Greece
72%
Named for the clan Bôssassun Papel Guinea-Bissau
70%
Look-out Tongan Fiji
67%
Warrior king Soninke / Malinke / Mande Ghana
38%
Black Djenné / Berber Guinea
38%
Forest Nahuatl / K'iche' Guatemala
33%
Cloak Portuguese Gabon
31%
Agricultural Latin / Greek Georgia
31%
Land of many waters (an indigenous Amerindian language) Guyana
28%
Kingdom of Elvira Arabic Grenada
16%
No matching quizzes found
Score Distribution
Percent of People with Each Score
Percentile by Number Answered
Your Score History
You have not taken this quiz